La donna non esiste : e l'uomo? : sesso, genere e identità /

Збережено в:
Бібліографічні деталі
Автори: Vassallo, Nicla, Pfeffer, Ulrich (Автор)
Формат: Книга
Мова:Італійська мова
Опубліковано: Torino : Codice, 2017
Предмети:
Теги: Додати тег
Немає тегів, Будьте першим, хто поставить тег для цього запису!

MARC

LEADER 00000nam a2200000 ia4500
001 IT\ICCU\UBO\4295602
003 ItRI
005 20260115232142.0
008 180206s2017 it |||||| ||||| |||||c
015 |2 IT  |a 2018-7903 
020 |a 9788875787240 
040 |b ita  |c importazione bologna sebina 
041 7 |a ita  |2 ISO-639-2 
082 |a 305.3  |9 UOMINI E DONNE  |2 23 
100 1 |a Vassallo, Nicla  |0 IT\ICCU\MILV\140372 
245 1 3 |a La donna non esiste :  |b e l'uomo? : sesso, genere e identità /  |c Nicla Vassallo ; contributi di Ulrich Pfeffer ... [et al.]. 
260 |a Torino :  |b Codice,  |c 2017 
300 |a 142 p. ;  |c 21 cm 
650 7 |a Identità sessuale 
700 1 |a Pfeffer, Ulrich  |0 IT\ICCU\UBOV\452046  |4 aut 
774 0 |w IT\ICCU\LO1\1705462  |t Sex&Gender  |a Vassallo, Nicla  |0 IT\ICCU\MILV\140372 
774 0 |w IT\ICCU\LO1\1705464  |t La biologia non aiuta  |g 1  |a Pfeffer, Ulrich  |0 IT\ICCU\UBOV\452046 
774 0 |w IT\ICCU\LO1\1705465  |t Medicina di genere  |g 2  |a Albini Noonan, Adriana  |0 IT\ICCU\BVEV\029246 
774 0 |w IT\ICCU\LO1\1705467  |t Bioetica e generi  |g 3  |a Mori, Maurizio (1951- )  |0 IT\ICCU\CFIV\007437 
774 0 |w IT\ICCU\LO1\1705468  |t Sugli errori scientifici comunicativi  |g 4  |a Tripodi, Vera  |0 IT\ICCU\LO1V\377443 
774 0 |w IT\ICCU\LO1\1705470  |t Quanti sono i sessi?  |g 5  |a Cantarella, Eva  |0 IT\ICCU\CFIV\102722 
774 0 |w IT\ICCU\LO1\1705471  |t Ingiustizia discorsiva  |g 6  |a Bianchi, Claudia (1963- )  |0 IT\ICCU\MILV\086010 
774 0 |w IT\ICCU\LO1\1705473  |t La donna non esiste  |g 7  |a Vassallo, Nicla  |0 IT\ICCU\MILV\140372 
942 |2 ddc  |c BK  |n 0 
952 |0 0  |1 0  |4 0  |6 DOC_305_300000000000000_VAS  |7 0  |9 20958  |a BO  |b BO  |d 2026-01-15  |i 18970  |l 0  |o DOC 305.3 VAS  |p BO18970  |r 2026-01-15 23:21:42  |w 2026-01-15  |x [Sebina 5] [1 v.]  |y BK  |z 1 v. 
999 |c 17904  |d 17904